000
00291nam a22001337a 4500
008
181101b xxu||||| |||| 00| 0 eng d
020
_a
0876196679
041
_a
eng
080
_a
616.12
100
_a
7
101
_a
KAR
245
_a
Cardiovascular Problems
_c
Jackle, M
942
_2
udc
_c
BK
999
_c
51520
_d
51520